7 kontynentów - quiz - Statystyki

Ogólne statystyki
  • Ten quiz został rozwiązany 123 razy
  • Średni wynik to 6 z 7
Statystyki odpowiedzi
Wskazówka Odpowiedź % Poprawnych
Kontynent Europa
97%
Kontynent Ameryka północna
94%
Kontynent Ameryka południowa
93%
Kontynent Azja
93%
Kontynent Afryka
92%
Kontynent Australia
79%
Kontynent Antarktyda
72%
Nie znaleziono quizów pasujących do podanych kryteriów
Rozkład punktacji
Procent ludzi z każdym wynikiem
Percentyl według liczby udzielonych odpowiedzi
Twoja historia wyników
Nie rozwiązałeś tego quizu